000 00271nam a22001217a 4500
041 _aENG
100 _aLakshminarayanan.K.R
245 _aEngish For Technical Communcation
260 _anew Delhi
_bScitech pub
_c2001
300 _a288
650 _aGAE
856 _uGAE
999 _c2612
_d2612